Guess the Country Flags With Stars - Statistics

General Stats
  • This quiz has been taken 64 times
    58 since last reset
  • The average score is 20 of 30
Answer Stats
Picture Hint Answer % Correct
50 United States
100%
9 Bosnia & Herzegovina
91%
5 China
91%
4 F.S. Micronesia
88%
4 New Zealand
88%
9 Tuvalu
88%
6 Australia
84%
12 Uzbekistan
84%
27 Brazil
81%
5 Honduras
78%
8 Venezuela
78%
2 Panama
75%
10 Cape Verde
69%
5 Singapore
69%
3 Syria
69%
5 Papua New Guinea
63%
3 Philippines
63%
5 Samoa
56%
2 São Tomé & Príncipe
56%
6 Kosovo
53%
2 St. Kitts & Nevis
53%
5 Turkmenistan
53%
3 Burundi
50%
5 Solomon Islands
50%
4 Comoros
47%
10 Dominica
44%
7 Tajikistan
44%
6 Equatorial Guinea
41%
7 Grenada
41%
3 Slovenia
28%
No matching quizzes found
Score Distribution
Percent of People with Each Score
Percentile by Number Answered
Your Score History
You have not taken this quiz since the last reset